[Event "Titled Tuesday intern op 01st Aug Early"]
[Site "Chess.com INT"]
[Date "2023.08.01"]
[Round "4"]
[White "Cherniaiev, Tykhon"]
[Black "Megaranto, Susanto"]
[Result "0-1"]
[WhiteElo "2278"]
[BlackElo "2498"]
[PlyCount "144"]
[EventDate "2023.08.01"]
[EventType "swiss (blitz)"]
[EventRounds "11"]
[EventCountry "USA"]
[SourceTitle "EXT 2024"]
[Source "ChessBase"]
[SourceDate "2023.10.10"]
[SourceVersion "1"]
[SourceVersionDate "2023.10.10"]
[SourceQuality "1"]

1. Nf3 Nf6 2. d4 e6 3. c4 Bb4+ 4. Bd2 a5 5. g3 b6 6. Bg2 Bb7 7. 0-0 0-0 8. a3 Bxd2 9. Nbxd2 d6 10. Qc2 Nbd7 11. Rad1 Qe7 12. e4 e5 13. d5 a4 14. Nh4 g6 15. Nb1 Nc5 16. Nc3 Nh5 17. Rfe1 Bc8 18. Qd2 Nb3 19. Qh6 Nd4 20. Nf3 Nb3 21. Nh4 f6 22. Nf5 Qf7 23. Nh4 Bd7 24. Bf3 Ng7 25. Bg2 g5 26. Nf3 Qg6 27. Qxg6 hxg6 28. Nd2 Nc5 29. Rf1 g4 30. f3 gxf3 31. Nxf3 Rab8 32. Rf2 b5 33. cxb5 Bxb5 34. Nxb5 Rxb5 35. Nh4 g5 36. Ng6 Rf7 37. Rdf1 Ne8 38. Bh3 Nxe4 39. Re2 Nc5 40. Bf5 Ng7 41. h4 Nxf5 42. Rxf5 Kg7 43. h5 Nb3 44. Ref2 Nd4 45. h6+ Kxg6 46. h7 Kxh7 47. Rxf6 Rxf6 48. Rxf6 Kg7 49. Rf2 Rxd5 50. Kg2 Rc5 51. Kh3 Rc2 52. Rf1 Rxb2 53. Kg4 Kg6 54. Rh1 Rb3 55. Rh2 Nf5 56. Rh3 Rxg3+ 57. Rxg3 Nxg3 58. Kxg3 Kf5 59. Kf3 d5 60. Kg3 c5 61. Kf3 c4 62. Ke3 d4+ 63. Ke2 e4 64. Kd2 Kf4 65. Ke2 g4 66. Kf2 c3 67. Kg2 d3 68. Kf2 e3+ 69. Kf1 g3 70. Ke1 Kf3 71. Kf1 c2 72. Ke1 c1Q# 0-1

[Event "Titled Tuesday intern op 01st Aug Early"]
[Site "Chess.com INT"]
[Date "2023.08.01"]
[Round "11"]
[White "Megaranto, Susanto"]
[Black "Andreikin, Dmitry"]
[Result "1-0"]
[WhiteElo "2498"]
[BlackElo "2729"]
[PlyCount "179"]
[EventDate "2023.08.01"]
[EventType "swiss (blitz)"]
[EventRounds "11"]
[EventCountry "USA"]
[SourceTitle "EXT 2024"]
[Source "ChessBase"]
[SourceDate "2023.10.10"]
[SourceVersion "1"]
[SourceVersionDate "2023.10.10"]
[SourceQuality "1"]

1. e4 c5 2. c3 d5 3. exd5 Qxd5 4. d4 Nf6 5. Nf3 g6 6. Be2 Bg7 7. 0-0 0-0 8. Be3 cxd4 9. Nxd4 Qd8 10. Bf3 Nd5 11. Bg5 h6 12. Bh4 Nf4 13. Bg3 e5 14. Bxf4 exf4 15. Na3 Nd7 16. Re1 Ne5 17. h3 Rb8 18. Qb3 Bd7 19. Nc4 Nxf3+ 20. Nxf3 b5 21. Nce5 Be6 22. Qa3 Qb6 23. Nd4 b4 24. Qxb4 Qa6 25. Qa3 Qxa3 26. bxa3 Rfe8 27. Nec6 Rbc8 28. Nxa7 Rxc3 29. Nxe6 fxe6 30. Nb5 Rc2 31. Rac1 Rxa2 32. Nc7 Re7 33. Nxe6 Bf6 34. Nxf4 Rxe1+ 35. Rxe1 g5 36. Nd5 Bd4 37. Ne3 Rxa3 38. Nc2 Rd3 39. Re2 Bc5 40. Kh2 Kf7 41. g3 Rc3 42. Kg2 Kf6 43. Ne1 Bd6 44. Nf3 Bc5 45. Nd2 Rc1 46. Ne4+ Kg6 47. g4 Bd4 48. Ng3 Rb1 49. Re6+ Kh7 50. Nf5 Bc5 51. Rxh6+ Kg8 52. Rg6+ Kh8 53. Rc6 Rc1 54. Ng3 Be3 55. Rxc1 Bxc1 56. Kf3 Kg7 57. Ke4 Kg6 58. Ne2 Bd2 59. Nd4 Be1 60. f3 Kf6 61. Nc6 Bc3 62. Na7 Bb2 63. Nb5 Ba1 64. Na3 Bb2 65. Nc4 Ba1 66. Ne3 Bb2 67. Ng2 Ba1 68. h4 gxh4 69. Nxh4 Kg5 70. Ng2 Bb2 71. Ne3 Ba1 72. f4+ Kh4 73. Kf3 Bb2 74. Nf5+ Kh3 75. g5 Ba1 76. g6 Bb2 77. g7 Bxg7 78. Nxg7 Kh4 79. Nf5+ Kh5 80. Kg3 Kg6 81. Kg4 Kf6 82. Ng3 Kg6 83. Ne4 Kf7 84. f5 Ke7 85. Kg5 Kf7 86. f6 Ke6 87. Kg6 Ke5 88. Ng5 Kd6 89. f7 Kd5 90. f8Q 1-0

[Event "Titled Tuesday intern op 01st Aug Early"]
[Site "Chess.com INT"]
[Date "2023.08.01"]
[Round "1"]
[White "Megaranto, Susanto"]
[Black "Shubenkova, Veronika"]
[Result "1-0"]
[WhiteElo "2498"]
[BlackElo "2050"]
[PlyCount "110"]
[EventDate "2023.08.01"]
[EventType "swiss (blitz)"]
[EventRounds "11"]
[EventCountry "USA"]
[SourceTitle "EXT 2024"]
[Source "ChessBase"]
[SourceDate "2023.10.10"]
[SourceVersion "1"]
[SourceVersionDate "2023.10.10"]
[SourceQuality "1"]

1. e4 e6 2. Qe2 c6 3. d4 d5 4. Nd2 Nf6 5. c3 Be7 6. Ngf3 b6 7. e5 Nfd7 8. g3 Ba6 9. Qe3 Bxf1 10. Kxf1 c5 11. Kg2 Nc6 12. h4 h6 13. a3 c4 14. h5 Qc7 15. Qe2 b5 16. Nh2 a5 17. f4 a4 18. Ndf3 0-0-0 19. Be3 Kb7 20. Raf1 g6 21. Rf2 Rdg8 22. hxg6 fxg6 23. Ng4 h5 24. Ngh2 Bd8 25. Ng5 Nf8 26. Nhf3 Ne7 27. Nf7 Rh7 28. N3g5 Rhg7 29. g4 hxg4 30. Qxg4 Nf5 31. Nxd8+ Qxd8 32. Bd2 Qe7 33. Kf1 Nh7 34. Nf3 Nf8 35. Rg2 Ka6 36. Rgh2 Ka5 37. Ke2 Qf7 38. Ng5 Qe7 39. Kd1 Ka6 40. Kc1 Ka5 41. Kb1 Ka6 42. Be1 Ka5 43. Bh4 Qd7 44. Nf3 Ka6 45. Bf6 Rf7 46. Ng5 Ka5 47. Rh8 Rxh8 48. Rxh8 Ka6 49. Rg8 Ka5 50. Qh3 Ka6 51. Qh8 b4 52. Nxf7 bxa3 53. Rxf8 axb2 54. Ra8+ Kb6 55. Qb8+ Qb7 1-0

[Event "Titled Tuesday intern op 01st Aug Early"]
[Site "Chess.com INT"]
[Date "2023.08.01"]
[Round "7"]
[White "Rustemov, Alexander"]
[Black "Megaranto, Susanto"]
[Result "0-1"]
[WhiteElo "2525"]
[BlackElo "2498"]
[PlyCount "124"]
[EventDate "2023.08.01"]
[EventType "swiss (blitz)"]
[EventRounds "11"]
[EventCountry "USA"]
[SourceTitle "EXT 2024"]
[Source "ChessBase"]
[SourceDate "2023.10.10"]
[SourceVersion "1"]
[SourceVersionDate "2023.10.10"]
[SourceQuality "1"]

1. d4 d5 2. c4 c6 3. Nc3 Nf6 4. e3 a6 5. Qc2 g6 6. Nf3 Bg7 7. Bd3 0-0 8. 0-0 Be6 9. c5 Qc7 10. h3 Re8 11. b4 Bc8 12. Bb2 Nbd7 13. Ne2 Nh5 14. g4 Nhf6 15. Ne5 Nxe5 16. dxe5 Nd7 17. f4 a5 18. a3 axb4 19. axb4 Rxa1 20. Bxa1 b6 21. Bd4 bxc5 22. bxc5 Nf8 23. Kg2 f6 24. exf6 Bxf6 25. Qc3 e5 26. fxe5 Bxe5 27. Rf3 Bxd4 28. Nxd4 Nd7 29. Be2 Ne5 30. Rf4 Qe7 31. Nf3 Nd7 32. Nd4 Ne5 33. Nf3 Nf7 34. Qf6 Qxf6 35. Rxf6 Rxe3 36. Nd4 Bd7 37. Rf3 Re4 38. Rd3 Ne5 39. Rd2 g5 40. Kf2 Kg7 41. Bf3 Rf4 42. Kg3 Nc4 43. Rd3 Ne5 44. Rd2 h6 45. Be2 Re4 46. Bf3 Re3 47. Kf2 Rc3 48. Be2 Rxc5 49. Ra2 Rc3 50. Ra7 Kf6 51. Nf3 Nxf3 52. Bxf3 Be6 53. Rh7 Kg6 54. Re7 Bf7 55. Rd7 Kf6 56. Rd6+ Be6 57. Rd8 Ke5 58. Rh8 c5 59. Rxh6 c4 60. Rg6 d4 61. Kg3 Re3 62. Rxg5+ Kf6 0-1

[Event "Titled Tuesday intern op 25th Jul Early"]
[Site "Chess.com INT"]
[Date "2023.07.25"]
[Round "8"]
[White "Megaranto, Susanto"]
[Black "Koshulyan, Egor A"]
[Result "1-0"]
[WhiteElo "2505"]
[BlackElo "2136"]
[PlyCount "63"]
[EventDate "2023.07.25"]
[EventType "swiss (blitz)"]
[EventRounds "11"]
[EventCountry "USA"]
[SourceTitle "EXT 2024"]
[Source "ChessBase"]
[SourceDate "2023.10.10"]
[SourceVersion "1"]
[SourceVersionDate "2023.10.10"]
[SourceQuality "1"]

1. e4 c5 2. Nf3 Nc6 3. Bc4 e6 4. 0-0 Nf6 5. d3 d5 6. exd5 exd5 7. Bb5 Be7 8. Bf4 0-0 9. Re1 Bg4 10. c3 Re8 11. Nbd2 Qb6 12. Qa4 Bd7 13. h3 a6 14. Bxc6 Bxc6 15. Qc2 Bd7 16. d4 Rac8 17. Be3 c4 18. Bf4 Bf8 19. Ne5 Be6 20. Nf1 g6 21. Re2 Bg7 22. Ng3 Nd7 23. Rae1 Qb5 24. h4 Nf6 25. h5 Ng4 26. hxg6 hxg6 27. Nxg6 fxg6 28. Qxg6 Bf7 29. Qxg4 Rxe2 30. Rxe2 Rc6 31. Nf5 Rg6 32. Ne7+ 1-0

[Event "Titled Tuesday intern op 25th Jul Early"]
[Site "Chess.com INT"]
[Date "2023.07.25"]
[Round "5"]
[White "Megaranto, Susanto"]
[Black "Salinas Herrera, Pablo Patricio"]
[Result "1-0"]
[WhiteElo "2505"]
[BlackElo "2468"]
[PlyCount "63"]
[EventDate "2023.07.25"]
[EventType "swiss (blitz)"]
[EventRounds "11"]
[EventCountry "USA"]
[SourceTitle "EXT 2024"]
[Source "ChessBase"]
[SourceDate "2023.10.10"]
[SourceVersion "1"]
[SourceVersionDate "2023.10.10"]
[SourceQuality "1"]

1. e4 c5 2. Nf3 e6 3. c3 d5 4. exd5 exd5 5. d4 Nc6 6. Bb5 Bd6 7. 0-0 Nge7 8. dxc5 Bxc5 9. Nbd2 0-0 10. Nb3 Bb6 11. Re1 Qd6 12. Be3 Bxe3 13. Rxe3 Bf5 14. Bd3 Bxd3 15. Qxd3 Ng6 16. Rae1 Rad8 17. Nbd4 a6 18. h4 Nf4 19. Qd2 Na5 20. b3 Nc6 21. g3 Nh5 22. Nf5 Qc7 23. N3d4 Kh8 24. R3e2 h6 25. Nxh6 Nf6 26. Nhf5 Ne4 27. Rxe4 dxe4 28. Qg5 Qe5 29. Nxc6 bxc6 30. Qh5+ Kg8 31. Nh6+ gxh6 32. Qxe5 1-0

[Event "Titled Tuesday intern op 25th Jul Early"]
[Site "Chess.com INT"]
[Date "2023.07.25"]
[Round "3"]
[White "Suyarov, Mukhammadzokhid"]
[Black "Megaranto, Susanto"]
[Result "1/2-1/2"]
[WhiteElo "2366"]
[BlackElo "2505"]
[PlyCount "96"]
[EventDate "2023.07.25"]
[EventType "swiss (blitz)"]
[EventRounds "11"]
[EventCountry "USA"]
[SourceTitle "EXT 2024"]
[Source "ChessBase"]
[SourceDate "2023.10.10"]
[SourceVersion "1"]
[SourceVersionDate "2023.10.10"]
[SourceQuality "1"]

1. d4 d5 2. Nc3 c6 3. Bf4 Bf5 4. f3 e6 5. e4 Bg6 6. h4 h5 7. Nge2 Nf6 8. Bg5 Be7 9. Nf4 Bh7 10. e5 Nfd7 11. Nxh5 Bg6 12. Ng3 Bxg5 13. hxg5 Rxh1 14. Nxh1 Qxg5 15. Qd2 Qxd2+ 16. Kxd2 a6 17. b3 c5 18. dxc5 Nc6 19. f4 Nxc5 20. Nf2 0-0-0 21. Bd3 Rh8 22. Bxg6 fxg6 23. Rh1 Rf8 24. Ne2 g5 25. Rh7 gxf4 26. Rxg7 Nxe5 27. b4 Ne4+ 28. Nxe4 dxe4 29. Nd4 f3 30. gxf3 exf3 31. Ke1 f2+ 32. Kf1 Nc4 33. Rc7+ Kxc7 34. Nxe6+ Kd6 35. Nxf8 Ne3+ 36. Kxf2 Nxc2 37. b5 a5 38. Ke2 Kc5 39. Kd3 Nb4+ 40. Kc3 Nxa2+ 41. Kb3 Nb4 42. Ka4 b6 43. Nd7+ Kd6 44. Nxb6 Nc2 45. Nc4+ Kc5 46. Ne5 Nd4 47. Nd7+ Kd6 48. Kxa5 Nxb5 1/2-1/2

[Event "Asian Continental op 20th"]
[Site "Almaty"]
[Date "2023.06.11"]
[Round "9"]
[White "Megaranto, Susanto"]
[Black "Madaminov, Mukhiddin"]
[Result "0-1"]
[WhiteElo "2520"]
[BlackElo "2431"]
[PlyCount "241"]
[EventDate "2023.06.04"]
[EventType "swiss"]
[EventRounds "9"]
[EventCountry "KAZ"]
[SourceTitle "CBM 214 Extra"]
[Source "ChessBase"]
[SourceDate "2023.07.31"]
[SourceVersion "1"]
[SourceVersionDate "2023.07.31"]
[SourceQuality "1"]

1. d4 Nf6 2. Nf3 g6 3. Bf4 Bg7 4. Nbd2 c5 5. c3 cxd4 6. cxd4 0-0 7. e3 Nc6 8. Be2 d6 9. 0-0 Bf5 10. Rc1 h6 11. Bg3 Qd7 12. Bb5 a6 13. Bxc6 bxc6 14. Re1 Ne4 15. Nxe4 Bxe4 16. Nd2 Bd5 17. b3 f5 18. Nb1 Kh7 19. Nc3 Bf7 20. f3 g5 21. Na4 Qb7 22. Qc2 Be8 23. Bf2 Rc8 24. e4 Bg6 25. e5 f4 26. Qe2 Rf5 27. exd6 exd6 28. Qe7 Qxe7 29. Rxe7 Rf7 30. Re6 Bf8 31. Nb6 Rcc7 32. Nc4 Rfd7 33. h3 Bf7 34. Re2 Re7 35. Rd2 Re8 36. Nb2 Rb8 37. Rdc2 Be8 38. Nc4 Kg8 39. Na5 Rbc8 40. b4 Bf7 41. a3 Be8 42. Nc4 Kh7 43. Na5 d5 44. Re1 Bg6 45. Rc3 Bf5 46. g4 fxg3 47. Bxg3 Bg7 48. Nb3 Rf7 49. Kg2 h5 50. Be5 Bf8 51. Na5 Bd7 52. Nb3 Ra8 53. Na5 Bh6 54. Nb3 Raf8 55. Rh1 Rg8 56. Nc5 Bc8 57. Kg3 Rg6 58. Nd3 Bf5 59. Nf2 Ra7 60. Nd1 Bf8 61. Ne3 Bd7 62. Rhc1 Kg8 63. Rg1 Kf7 64. Rb1 Rb7 65. Rbc1 Be7 66. Rf1 Rb5 67. Nc2 Kg8 68. Ne3 Kf7 69. Kh2 Ke8 70. f4 gxf4 71. Ng2 Rg3 72. Rxg3 fxg3+ 73. Kxg3 a5 74. bxa5 Rxa5 75. Rf3 Be6 76. Rc3 Kd7 77. Nf4 Bf7 78. Nd3 Rxa3 79. Nc5+ Bxc5 80. dxc5 Ra4 81. Rb3 Ke6 82. Re3 Bg6 83. Bd6+ Kf6 84. Be7+ Kf5 85. Rf3+ Ke6 86. Bd8 Bf5 87. Re3+ Be4 88. Kf4 Ra8 89. Bc7 Rg8 90. Rg3 Rf8+ 91. Ke3 h4 92. Rg5 Rf3+ 93. Kd2 Rd3+ 94. Ke1 Rxh3 95. Rh5 Bg6 96. Rh6 Kf5 97. Bd8 Rc3 98. Rxh4 Rxc5 99. Kd2 Ke6 100. Bb6 Rc2+ 101. Kd1 Rg2 102. Bd4 Kd6 103. Be3 c5 104. Ke1 d4 105. Bxd4 cxd4 106. Rxd4+ Ke5 107. Rd2 Rg4 108. Kf2 Be4 109. Re2 Kf4 110. Rd2 Rg3 111. Ke2 Ra3 112. Kf2 Bd3 113. Rb2 Bc4 114. Rc2 Bd5 115. Rd2 Be4 116. Re2 Rh3 117. Rd2 Bd3 118. Ke1 Rh1+ 119. Kf2 Ke4 120. Kg3 Rh8 121. Kf2 0-1

[Event "Asian Continental op 20th"]
[Site "Almaty"]
[Date "2023.06.05"]
[Round "2"]
[White "Ansat, Aldiyar"]
[Black "Megaranto, Susanto"]
[Result "1/2-1/2"]
[WhiteElo "2384"]
[BlackElo "2520"]
[PlyCount "65"]
[EventDate "2023.06.04"]
[EventType "swiss"]
[EventRounds "9"]
[EventCountry "KAZ"]
[SourceTitle "CBM 214 Extra"]
[Source "ChessBase"]
[SourceDate "2023.07.31"]
[SourceVersion "1"]
[SourceVersionDate "2023.07.31"]
[SourceQuality "1"]

1. e4 d5 2. exd5 Nf6 3. d4 Bg4 4. Nf3 Qxd5 5. Be2 Nc6 6. c4 Qf5 7. Be3 0-0-0 8. 0-0 e5 9. d5 e4 10. Nd4 Nxd4 11. Bxd4 h5 12. Nc3 c5 13. Bxf6 gxf6 14. f3 exf3 15. Bxf3 Bd6 16. Ne4 Qxe4 17. Bxe4 Bxd1 18. Raxd1 Be5 19. b3 h4 20. Rf5 Kc7 21. Bf3 Kd6 22. Re1 Bd4+ 23. Kf1 Be5 24. Kg1 Bd4+ 25. Kf1 Be5 26. h3 Rde8 27. Re4 Bc3 28. Ke2 Rxe4+ 29. Bxe4 Be5 30. Kd3 a6 31. Bf3 b6 32. Bg4 Ke7 33. a4 1/2-1/2

[Event "Asian Continental blitz op 20th"]
[Site "Almaty"]
[Date "2023.06.03"]
[Round "4"]
[White "Askarov, Bakhtiyar"]
[Black "Megaranto, Susanto"]
[Result "0-1"]
[WhiteElo "2337"]
[BlackElo "2523"]
[PlyCount "69"]
[EventDate "2023.06.03"]
[EventType "swiss (blitz)"]
[EventRounds "9"]
[EventCountry "KAZ"]
[SourceTitle "CBM 214 Extra"]
[Source "ChessBase"]
[SourceDate "2023.07.31"]
[SourceVersion "1"]
[SourceVersionDate "2023.07.31"]
[SourceQuality "1"]

1. d4 d5 2. Nf3 Nc6 3. Bf4 Bg4 4. e3 e6 5. c4 Bd6 6. Bg3 Nf6 7. Nc3 0-0 8. cxd5 exd5 9. Be2 Ne7 10. 0-0 Bxf3 11. Bxf3 c6 12. Rb1 a5 13. a3 Nf5 14. Bxd6 Nxd6 15. Be2 Re8 16. Bd3 g6 17. b3 Kg7 18. Qf3 Qe7 19. Rfd1 Nde4 20. Bxe4 dxe4 21. Qg3 Qxa3 22. d5 Rad8 23. dxc6 Rxd1+ 24. Nxd1 Qa2 25. Nc3 Qc2 26. cxb7 Nd7 27. Qc7 Nb8 28. h3 h5 29. Rd1 Qxb3 30. Qc8 Qe6 31. Rd8 Rxd8 32. Qxd8 Qe5 33. Nxe4 Nc6 34. Qc8 Qxe4 35. b8R 0-1

[Event "Asian Continental blitz op 20th"]
[Site "Almaty"]
[Date "2023.06.03"]
[Round "3"]
[White "Megaranto, Susanto"]
[Black "Isanzhulov, Arystan"]
[Result "0-1"]
[WhiteElo "2523"]
[BlackElo "2341"]
[PlyCount "144"]
[EventDate "2023.06.03"]
[EventType "swiss (blitz)"]
[EventRounds "9"]
[EventCountry "KAZ"]
[SourceTitle "CBM 214 Extra"]
[Source "ChessBase"]
[SourceDate "2023.07.31"]
[SourceVersion "1"]
[SourceVersionDate "2023.07.31"]
[SourceQuality "1"]

1. e4 c5 2. Nf3 Nc6 3. Bc4 d6 4. 0-0 g6 5. c3 Bg7 6. d4 cxd4 7. cxd4 Nf6 8. d5 Nb8 9. Nc3 0-0 10. h3 Bd7 11. Re1 Na6 12. Be3 Qa5 13. a3 Rfc8 14. Bd3 Ne8 15. Bd4 Bxd4 16. Nxd4 Qb6 17. Nde2 Qxb2 18. Bxa6 bxa6 19. Qd4 Qb6 20. Qd2 Nf6 21. Ng3 Qa5 22. Re3 Rc4 23. Qb2 Qb6 24. Qd2 Rac8 25. Nce2 h5 26. e5 Rc2 27. Qd1 dxe5 28. Rxe5 Qd6 29. Re3 Ba4 30. Qd4 R8c4 31. Qxa7 Nxd5 32. Rd3 h4 33. Rad1 hxg3 34. Rxd5 Qf6 35. Nxg3 Kg7 36. R5d3 Rc5 37. Rf3 Qe6 38. Qb8 Rc1 39. Rxc1 Rxc1+ 40. Kh2 Rc8 41. Qb4 Bc6 42. Re3 Qd5 43. f3 Qd6 44. Rxe7 Qxb4 45. axb4 Rb8 46. Rc7 Bd5 47. Rc5 Be6 48. Ra5 Bc8 49. Ne4 Rxb4 50. Nd6 Bb7 51. Rc5 Ba8 52. Rc7 Bd5 53. Ne8+ Kf8 54. Nf6 Be6 55. Ra7 Ra4 56. Ne4 Ra2 57. Nc5 Bd5 58. Kg3 a5 59. h4 Kg7 60. Rd7 Bc4 61. Rd4 Rc2 62. Rd7 Bb5 63. Rc7 Kg8 64. Rc8+ Kh7 65. Rc7 Kh6 66. Kh3 Bf1 67. Kg3 a4 68. Ra7 Rxc5 69. Rxa4 Rc2 70. Kf4 Rxg2 71. Ra7 Bc4 72. Ra5 Be6 0-1

[Event "Asian Continental blitz op 20th"]
[Site "Almaty"]
[Date "2023.06.03"]
[Round "6"]
[White "Megaranto, Susanto"]
[Black "Pranav, V."]
[Result "0-1"]
[WhiteElo "2523"]
[BlackElo "2597"]
[PlyCount "116"]
[EventDate "2023.06.03"]
[EventType "swiss (blitz)"]
[EventRounds "9"]
[EventCountry "KAZ"]
[SourceTitle "CBM 214 Extra"]
[Source "ChessBase"]
[SourceDate "2023.07.31"]
[SourceVersion "1"]
[SourceVersionDate "2023.07.31"]
[SourceQuality "1"]

1. d4 Nf6 2. Nf3 e6 3. Bg5 Be7 4. e3 b6 5. Bd3 Bb7 6. 0-0 0-0 7. Nbd2 c5 8. c3 d6 9. Bxf6 Bxf6 10. Be4 d5 11. Bd3 Nd7 12. a4 g6 13. a5 e5 14. dxe5 Nxe5 15. Be2 Qc7 16. Qb3 Bc6 17. Nxe5 Bxe5 18. Nf3 Bf6 19. Bb5 Rfd8 20. Rfd1 Rab8 21. Bxc6 Qxc6 22. axb6 axb6 23. Ra7 Kg7 24. h3 Rb7 25. Rxb7 Qxb7 26. Qb5 Ra8 27. Ne1 Ra5 28. Qd3 Ra2 29. Qb1 Qa8 30. Nd3 Qa4 31. Rc1 Qb3 32. Qc2 Qxc2 33. Rxc2 g5 34. g4 Kf8 35. Kg2 Ke7 36. Nc1 Ra1 37. Ne2 Be5 38. Rd2 Kd6 39. f4 gxf4 40. exf4 Bh8 41. Ng3 d4 42. c4 Kc6 43. Nf5 Rc1 44. b3 b5 45. cxb5+ Kxb5 46. Nd6+ Kb4 47. Nxf7 Bg7 48. f5 Kc3 49. Rf2 d3 50. Nd6 Bd4 51. Nb5+ Kxb3 52. Nxd4+ cxd4 53. f6 Rc8 54. Kf3 Kc3 55. Ke4 Rd8 56. Rf1 d2 57. f7 Kc2 58. Rf2 d3 0-1

[Event "Asian Continental blitz op 20th"]
[Site "Almaty"]
[Date "2023.06.03"]
[Round "7"]
[White "Urazayev, Arystanbek"]
[Black "Megaranto, Susanto"]
[Result "1-0"]
[WhiteElo "2460"]
[BlackElo "2523"]
[PlyCount "111"]
[EventDate "2023.06.03"]
[EventType "swiss (blitz)"]
[EventRounds "9"]
[EventCountry "KAZ"]
[SourceTitle "CBM 214 Extra"]
[Source "ChessBase"]
[SourceDate "2023.07.31"]
[SourceVersion "1"]
[SourceVersionDate "2023.07.31"]
[SourceQuality "1"]

1. e4 Nf6 2. e5 Nd5 3. Nc3 Nxc3 4. dxc3 d6 5. Nf3 Nc6 6. Bb5 Bd7 7. Qe2 e6 8. Bf4 a6 9. Bd3 d5 10. h4 h6 11. h5 Na5 12. Rh3 c5 13. Qe3 Qc7 14. Kf1 Nc6 15. Kg1 0-0-0 16. Rg3 Kb8 17. a3 c4 18. Bf1 b6 19. b4 cxb3 20. cxb3 Bc5 21. Qd2 Rhg8 22. b4 Be7 23. Bxa6 Bc8 24. Bxc8 Rxc8 25. Nd4 Nxd4 26. cxd4 Kb7 27. Qd1 Qc2 28. Qxc2 Rxc2 29. Rc1 Rxc1+ 30. Bxc1 Rc8 31. Be3 Bf8 32. Rf3 Rc7 33. b5 Kc8 34. a4 Kd8 35. Bd2 Ra7 36. a5 bxa5 37. b6 Rd7 38. Bxa5 Kc8 39. Rc3+ Kb7 40. g4 Be7 41. f4 f6 42. f5 Bd8 43. Kf1 fxe5 44. dxe5 Rf7 45. Rf3 Re7 46. Bb4 Rf7 47. Bc5 Kc6 48. Bd4 Bxb6 49. Rc3+ Kb5 50. Rb3+ Kc4 51. Rxb6 exf5 52. e6 Rf8 53. Bxg7 Rg8 54. gxf5 Rxg7 55. f6 Rg5 56. f7 1-0

[Event "Asia zt 3.3"]
[Site "Jakarta"]
[Date "2023.05.08"]
[Round "4"]
[White "Setyaki, Azarya Jodi"]
[Black "Megaranto, Susanto"]
[Result "1/2-1/2"]
[WhiteElo "2414"]
[BlackElo "2523"]
[PlyCount "63"]
[EventDate "2023.05.06"]
[EventType "swiss"]
[EventRounds "9"]
[EventCountry "INA"]
[SourceTitle "CBM 214 Extra"]
[Source "ChessBase"]
[SourceDate "2023.07.31"]
[SourceVersion "1"]
[SourceVersionDate "2023.07.31"]
[SourceQuality "1"]

1. e4 e5 2. Nf3 Nc6 3. Bb5 a6 4. Ba4 Nf6 5. 0-0 Be7 6. Re1 b5 7. Bb3 d6 8. c3 0-0 9. h3 Na5 10. Bc2 c5 11. d4 cxd4 12. cxd4 exd4 13. Nxd4 Bd7 14. Nc3 Re8 15. Nce2 Bf8 16. Ng3 g6 17. b3 Nc6 18. Nxc6 Bxc6 19. Bb2 Bg7 20. Qd2 Ra7 21. Rad1 Rd7 22. f3 Nh5 23. Bxg7 Nxg7 24. Qf2 d5 25. exd5 Rxe1+ 26. Qxe1 Rxd5 27. Rxd5 Qxd5 28. Be4 Qc5+ 29. Qf2 Qc1+ 30. Qf1 Qc5+ 31. Qf2 Qc1+ 32. Qf1 1/2-1/2

[Event "ASEAN-ch"]
[Site "Quezon City"]
[Date "2023.02.11"]
[Round "1"]
[White "Laohawirapap, Prin"]
[Black "Megaranto, Susanto"]
[Result "0-1"]
[WhiteElo "2316"]
[BlackElo "2533"]
[PlyCount "92"]
[EventDate "2023.02.11"]
[EventType "tourn"]
[EventRounds "11"]
[EventCountry "PHI"]
[EventCategory "6"]
[SourceTitle "CBM 212 Extra"]
[Source "ChessBase"]
[SourceDate "2023.03.31"]
[SourceVersion "1"]
[SourceVersionDate "2023.03.31"]
[SourceQuality "1"]

1. e4 Nc6 2. Nf3 d6 3. d4 Nf6 4. Nc3 Bg4 5. Be3 e6 6. Be2 d5 7. e5 Nd7 8. 0-0 Ne7 9. h3 Bh5 10. a3 a6 11. b4 Nb6 12. g4 Bg6 13. Nd2 h5 14. Kg2 Qd7 15. Nb3 Nc4 16. Nc5 Qc8 17. Nd3 b6 18. Nf4 Qd7 19. Bxc4 dxc4 20. Qe2 b5 21. f3 c6 22. a4 Qb7 23. Rfd1 Nc8 24. Nxg6 fxg6 25. Ne4 Nb6 26. Ng5 Kd7 27. Bd2 Nd5 28. Qe4 c3 29. Bc1 bxa4 30. Qxg6 Re8 31. Re1 Qxb4 32. Re4 Qb5 33. Nf7 Rg8 34. Qxh5 Be7 35. Qg6 Ref8 36. Nd6 Bxd6 37. exd6 Rf6 38. Qh7 Rgf8 39. Bg5 Rxf3 40. Bh4 Qb2 41. Rae1 Qxc2+ 42. Kg1 Rf1+ 43. Rxf1 Rxf1+ 44. Kxf1 Ne3+ 45. Rxe3 Qxh7 46. Be7 Qb1+ 0-1

[Event "SEA Blitz KO 31st"]
[Site "Ha Long"]
[Date "2022.05.20"]
[Round "1.1"]
[White "Le, Tuan Minh"]
[Black "Megaranto, Susanto"]
[Result "1-0"]
[WhiteElo "2514"]
[BlackElo "2529"]
[PlyCount "85"]
[EventDate "2022.05.20"]
[EventType "k.o. (blitz)"]
[EventRounds "2"]
[EventCountry "VIE"]
[SourceTitle "CBM 208 Extra"]
[Source "ChessBase"]
[SourceDate "2022.07.31"]
[SourceVersion "1"]
[SourceVersionDate "2022.07.31"]
[SourceQuality "1"]

1. d4 d5 2. Nf3 Nf6 3. Bf4 c5 4. c3 Nc6 5. e3 Bg4 6. Qb3 Qc8 7. Ne5 c4 8. Qa4 Bd7 9. Nxd7 Qxd7 10. Nd2 a6 11. Be2 e6 12. 0-0 Bd6 13. Bg5 Qc7 14. h3 Nd7 15. e4 Bf4 16. Bxf4 Qxf4 17. exd5 exd5 18. Qc2 0-0 19. Rfe1 b5 20. Bf3 Nf6 21. Re3 g6 22. Rae1 Rab8 23. R3e2 b4 24. Qc1 bxc3 25. bxc3 Qd6 26. Nf1 Kg7 27. h4 Rfe8 28. h5 Rxe2 29. Rxe2 Re8 30. h6+ Kf8 31. Rxe8+ Nxe8 32. Ne3 Nc7 33. Qb2 Ne7 34. Qb8+ Ne8 35. Qa7 g5 36. g3 f5 37. Qa8 f4 38. gxf4 gxf4 39. Ng4 Kf7 40. Kf1 Nc7 41. Qh8 Ke6 42. Qf6+ Kd7 43. Ne5+ 1-0